Normal view
MARC view
- الصميدعي، لؤي غانم، م.مشارك سعيد، وضاح غانم
Entry Personal Name
001 - CONTROL NUMBER
- control field: 42021
003 - CONTROL NUMBER IDENTIFIER
- control field: JO-AjAnu
005 - DATE AND TIME OF LATEST TRANSACTION
- control field: 20230606080956.0
008 - FIXED-LENGTH DATA ELEMENTS
- fixed length control field: 230606|| aca||aabn | a|a d
040 ## - CATALOGING SOURCE
- Original cataloging agency: JO-AjAnu
- Transcribing agency: JO-AjAnu
100 ## - HEADING--PERSONAL NAME
- Personal name: الصميدعي، لؤي غانم، م.مشارك سعيد، وضاح غانم
670 ## - SOURCE DATA FOUND
- Source citation: Work cat.: (JO-AjAnu)21530: الصميدعي، لؤي غانم، م.مشارك سعيد، وضاح غانم, author, التربية البدنية والحركية للاطفال قبل المدرسة